header

Rossini's La Cenerentola (Record no. 148557)

MARC details
000 -LEADER
fixed length control field 01124nam a2200289Ia 4500
100 1# - MAIN ENTRY--AUTHOR NAME
Personal name Rossini, Gioacchino,
245 10 - TITLE STATEMENT
Title Rossini's La Cenerentola
260 ## - PUBLICATION, DISTRIBUTION, ETC. (IMPRINT)
Place of publication Coral Gables, FL :
Name of publisher Opera Journeys Publishing,
Year of publication c2006.
300 ## - PHYSICAL DESCRIPTION
Number of Pages 48 p. :
Other physical details music.
490 1# - SERIES STATEMENT
Series statement Opera classics library
650 #0 - SUBJECT ADDED ENTRY--TOPICAL TERM
Topical Term Operas
856 40 - ELECTRONIC LOCATION AND ACCESS
Uniform Resource Identifier http://site.ebrary.com/lib/rucke/Doc?id=10188414

No items available.

© 2026 Rongo University
Contact us: librarian | system librarian | Rongo university